| 000 | 00784nam a2200217 a 4500 | ||
|---|---|---|---|
| 001 | 55897 | ||
| 003 | BD-RjUL | ||
| 005 | 20211209080329.0 | ||
| 008 | 161122s1970 ii ||||| |||| 00| 0 eng d | ||
| 035 | _a(BD-RjUL)56021 | ||
| 040 |
_aBD-RjUL _beng _cBD-RjUL |
||
| 041 | _aeng | ||
| 082 |
_223 _a294.535 _bMUC 1970 |
||
| 100 | 1 |
_aমুখোপাধ্যায়, অসীম _9166410 |
|
| 245 | 1 | 0 |
_aচব্বিশ পরগণার মন্দির / _cঅসীম মুখোপাধ্যায় |
| 260 |
_aকলকাতা : _bআনন্দধারা, _c১৯৭০ |
||
| 300 |
_a১০১ পৃ : _bচিত্র ; _c২০ সেমি. |
||
| 650 |
_aহিন্দু মন্দির _9166411 |
||
| 650 |
_aHindu Temples _9166412 |
||
| 942 |
_2ddc _cBK |
||
| 999 |
_c55897 _d55897 |
||